| Tag |
First Indicator |
Second Indicator |
Subfields |
| LEADER |
00000cam a2200000 a 4500 |
| 001 |
in00005673003 |
| 006 |
m o d |
| 007 |
cr |n||||||||| |
| 008 |
211108s2022 mau o 000 0 eng d |
| 005 |
20251212180459.3 |
| 035 |
|
|
|a (OCoLC)on1284286921
|
| 040 |
|
|
|a YDX
|b eng
|e pn
|c YDX
|d OPELS
|d OCLCF
|d OCLCO
|d OCLCQ
|d OCLCO
|d K6U
|d OCLCQ
|d OCLCO
|d OCLCL
|d SFB
|d OCLCQ
|d OCLCL
|
| 019 |
|
|
|a 1284837558
|a 1284875051
|
| 020 |
|
|
|a 9780128227411
|q (electronic bk.)
|
| 020 |
|
|
|a 0128227419
|q (electronic bk.)
|
| 020 |
|
|
|z 9780128227213
|
| 020 |
|
|
|z 0128227214
|
| 035 |
|
|
|a (OCoLC)1284286921
|z (OCoLC)1284837558
|z (OCoLC)1284875051
|
| 050 |
|
4 |
|a TN871.2
|
| 082 |
0 |
4 |
|a 622.3381
|2 23
|
| 049 |
|
|
|a TXAM
|
| 245 |
0 |
0 |
|a Fluid chemistry, drilling and completion /
|c edited by Qiwei Wang.
|
| 260 |
|
|
|a Cambridge, MA :
|b Gulf Professional Publishing,
|c [2022]
|
| 300 |
|
|
|a 1 online resource
|
| 336 |
|
|
|a text
|b txt
|2 rdacontent
|
| 337 |
|
|
|a computer
|b c
|2 rdamedia
|
| 338 |
|
|
|a online resource
|b cr
|2 rdacarrier
|
| 490 |
1 |
|
|a Oil and gas chemistry management series
|
| 588 |
0 |
|
|a Print version record.
|
| 650 |
|
0 |
|a Oil well drilling.
|
| 650 |
|
6 |
|a Pétrole
|x Puits
|x Forage.
|
| 650 |
|
7 |
|a Oil well drilling
|2 fast
|
| 655 |
|
7 |
|a Electronic books.
|2 local
|
| 700 |
1 |
|
|a Wang, Qiwei.
|
| 710 |
2 |
|
|a Knovel (Firm)
|
| 758 |
|
|
|i has work:
|a Fluid Chemistry, Drilling and Completion (Work)
|1 https://id.oclc.org/worldcat/entity/E39PCYhM9gF9gPXwKDWk8gFvpd
|4 https://id.oclc.org/worldcat/ontology/hasWork
|
| 776 |
0 |
8 |
|i Print version:
|t Fluid chemistry, drilling and completion.
|d Cambridge, MA : Gulf Professional Publishing, [2022]
|z 0128227214
|z 9780128227213
|w (OCoLC)1241442486
|
| 776 |
0 |
8 |
|i Print version:
|t FLUID CHEMISTRY, DRILLING AND COMPLETION.
|d [S.l.] : GULF PROFESSIONAL, 2021
|z 0128227214
|w (OCoLC)1241442486
|
| 830 |
|
0 |
|a Oil and gas chemistry management series.
|
| 856 |
4 |
0 |
|u http://proxy.library.tamu.edu/login?url=https://app.knovel.com/hotlink/toc/id:kpFCDC0001/fluid-chemistry-drilling?kpromoter=marc
|z Connect to the full text of this electronic book
|t 0
|
| 955 |
|
|
|a Knovel ebooks
|
| 994 |
|
|
|a 92
|b TXA
|
| 999 |
f |
f |
|s c35d4264-a827-4ef5-82e9-79fda86ef745
|i f12f4e8e-874d-4004-8430-748cbf606af7
|t 0
|
| 952 |
f |
f |
|a Texas A&M University
|b College Station
|c Electronic Resources
|d Available Online
|t 0
|e TN871.2
|h Library of Congress classification
|
| 998 |
f |
f |
|a TN871.2
|t 0
|l Available Online
|